000 00717nam a2200253 i 4500
001 113278
003 ES-MaACL
005 20230906185827.0
007 t|
008 070222s2000 fr ||||1| fre d
020 _a2-07-074775-1
080 _a78 Offenbach, Jacques
080 _a929 Offenbach, Jacques
100 1 _aYon, Jean-Claude.
_9117660
245 1 0 _aJacques Offenbach /
_cJean-Claude Yon.
260 _a[Paris] :
_bGallimard,
_c[2000]
300 _a796 p. ;
_c24 cm.
490 1 _aBiographies
500 _aBiblioteca Jacinto Martínez Lacalle.
600 1 4 _aOffenbach, Jacques.
_986559
830 0 _aBiographies
_9233180
852 _aES-MaACL
_jE-11590
_bR.139761
999 _c113278
_d113278